Mini-Minefields II Quiz Stats

 Plays Quiz Updated Feb 20, 2018

Also try: Mini-Minefields
Challenge
Share
Tweet
Embed
Score 0/48 Timer 06:00
0 Plays Today
Category % Correct
Taxonomic Ranks???
70.1%
Taxonomic Ranks???
68.5%
Taxonomic Ranks???
63.2%
Taxonomic Ranks???
61.8%
US States???
58.7%
US States???
58.7%
US States???
58.4%
US States???
57.7%
US States???
57.5%
Taxonomic Ranks???
55.7%
Current Olympic Sports???
49.2%
Current Olympic Sports???
46.5%
US States???
46.3%
US States???
46.3%
US States???
46.3%
Current Olympic Sports???
45.2%
Current Olympic Sports???
40.9%
Taxonomic Ranks???
38.5%
Taxonomic Ranks???
38.6%
Taxonomic Ranks???
38.6%
Current Olympic Sports???
37.3%
G8 Member Countries???
31.9%
Beatles Number One Singles (US/UK)???
29.5%
G8 Member Countries???
28.9%
Category % Correct
'Fellowship of the Ring' Members???
28.3%
'Fellowship of the Ring' Members???
28.1%
'Fellowship of the Ring' Members???
27.9%
Beatles Number One Singles (US/UK)???
27.8%
'Fellowship of the Ring' Members???
26.1%
Current Olympic Sports???
25.9%
Current Olympic Sports???
25.9%
Current Olympic Sports???
25.9%
Beatles Number One Singles (US/UK)???
23.1%
Beatles Number One Singles (US/UK)???
22.9%
G8 Member Countries???
22.9%
G8 Member Countries???
22.1%
Beatles Number One Singles (US/UK)???
21.1%
'Fellowship of the Ring' Members???
20.6%
G8 Member Countries???
18.8%
'Fellowship of the Ring' Members???
16%
'Fellowship of the Ring' Members???
16%
'Fellowship of the Ring' Members???
16%
Beatles Number One Singles (US/UK)???
11.7%
Beatles Number One Singles (US/UK)???
11.8%
Beatles Number One Singles (US/UK)???
11.8%
G8 Member Countries???
11.3%
G8 Member Countries???
11.3%
G8 Member Countries???
11.3%

You're not logged in!

Compare scores with friends on all Sporcle quizzes.
Join for Free
OR
Log In

You Might Also Like...

Show Comments

Extras

Top Quizzes Today


Score Distribution

Your Account Isn't Verified!

In order to create a playlist on Sporcle, you need to verify the email address you used during registration. Go to your Sporcle Settings to finish the process.

Report this User

Report this user for behavior that violates our Community Guidelines.

Details: